000 00424nam a2200181Ia 4500
001 17790
005 20260306171543.0
008 260306s9999||||xx |||||||||||||| ||und||
041 _aESP
082 _a658.2
_bD68 2001
100 _aDíaz Garay, Bertha
_eAUT
245 0 _aDisposición de planta
260 _c2001
300 _a344 páginas :
_c23 cm.
650 _aGEN
654 _aCAN
942 _cLIB
_dJUS
_fJUS
_2ddc
_n
999 _c17790
_d17790